Statistics for Rivers with Country Names

Click here to take the quiz!

General Stats

  • This quiz has been taken 93 times
  • The average score is 3 of 7

Answer Stats

HintAnswer% Correct
4,700Congo River
94%
4,200Niger River
72%
2,549Paraguay River
25%
1,610Uruguay River
25%
1,223Canadian River
23%
1,094Gambia River
23%
1,641Senegal River
19%

Score Distribution

Percentile by Number Answered

Percent of People with Each Score

Your Score History

You have not taken this quiz